• 首页
  • 本馆介绍
  • 公告通知
  • 最新文献
  • 馆藏检索
  • 电子资源
  • 读者导购
  • 参考咨询
  • 我的图书馆
  • 登录
  • 详细信息显示
  • 放入我的书架
  • 预约/预借图书
  • 作者相关作品
  • 分类相关作品
  • 丛书相关作品
  • 出版社相关作品

书目信息

  • 表格格式
  • 工作单格式
  • 卡片格式
题名:
煤化学与煤分析
    
 
作者: 全小盾 , 孙传庆 , 杨忠 主编
分册:  
出版信息: 北京   中国质检出版社  2012.04
页数: 260页
开本: 26cm
丛书名: 检验检疫系列丛书
单 册:
中图分类: TQ530 , TQ533
科图分类:
主题词: 煤--应用化学 , 煤质分析 , 煤 , 应用化学
电子资源:
ISBN: 978-7-5026-3556-5
000 00977oam2 2200313 450
001 005253608
005 20140609085216.25
010    @a978-7-5026-3556-5@dCNY56.00
100    @a20120629d2012 em y0chiy0110 ea
101 0  @achi
102    @aCN@b110000
105    @ay z 000yy
106    @ar
200 1  @a煤化学与煤分析@9mei hua xue yu mei fen xi@f全小盾,孙传庆,杨忠主编
210    @a北京@c中国质检出版社@d2012.04
215    @a260页@d26cm
225 1  @a检验检疫系列丛书
330    @a本书分为煤化学、煤分析两部分,共十一章。内容包括:煤和煤资源、煤的结构、煤的性质、煤的结构模型研究法、煤转化技术、煤炭检验、煤炭洗选检测等。
606 0  @a煤@x应用化学
606 0  @a煤质分析
606 0  @a煤
606 0  @a应用化学
690    @aTQ530@v5
690    @aTQ533@v5
701  0 @a全小盾@9quan xiao dun@4主编
701  0 @a孙传庆@9sun chuan qing@f(1970~)@4主编
701  0 @a杨忠@9yang zhong@4主编
801  0 @aCN@bNLC@c20120806
905    @b548385-87@dTQ530@e48@f3
    
    煤化学与煤分析/全小盾,孙传庆,杨忠主编.-北京:中国质检出版社,2012.04
    260页;26cm.-(检验检疫系列丛书)
    
    
    ISBN 978-7-5026-3556-5:CNY56.00
    本书分为煤化学、煤分析两部分,共十一章。内容包括:煤和煤资源、煤的结构、煤的性质、煤的结构模型研究法、煤转化技术、煤炭检验、煤炭洗选检测等。
●
相关链接 在E读中查询图书 在五车中查询图书 在当当中查询图书 在豆瓣中查询图书


正题名:煤化学与煤分析     索取号:TQ530/48         预约/预借

序号 登录号 条形码 馆藏地/架位号 状态 备注
1 548385   205483859   第二样本阅览室/ [索取号:TQ530/48] 在馆    
2 548386   205483868   第三借阅区/ [索取号:TQ530/48] 在馆    
3 548387   205483877   第三借阅区/ [索取号:TQ530/48] 在馆    
唐山师范学院图书馆 欢迎您!
大连网信软件有限公司© 版权所有